1126 1709 1040 1802 1647 1013 1496 1581 1161 1393 1096 1604 1037 1402 1159 1140 1373 1146 1817 1108 1215 1275 1419 1762 1928 1978 1944 1261 1052 1158 1535 1497 1148 1322 1591 1429 1551 1517 1560 1550 1434 1511 1108 1358 1436 1372 1816 1880 1512 1930 1632 1910 1063 1153 1706 1110 1230 1517 1394 1499 1392 1802 1739 1171 1883 1354 1459 1697 1690 1145 1553 1535 1877 1120 1928 1100 1490 1527 1583 1480 1798 1980 1097 1779 1526 1182 1179 1862 1770 1327 1602 1017 1329 1321 1242 1377 1637 1298 1032 BCNSPRNW ULIB Ver.6.0+V

เปลี่ยนเป็นภาษาไทย

Change to English
 แสดงรายละเอียดบรรณานุกรม
  กลับหน้าหลัก

Brief Record : Get Marc (ISO 2709) : E-mail record : QR code < ปิดหน้าต่าง
LEADER : 00000nam 2200000uu 4500
001    13399122492
003     ULIB
008    970409s2537 th m 000 0 tha d
020    ^a9745878642
099    ^aวพ.W84.6ส748ป
100 0  ^aสุจิตรา สิกขะมณฑล
245 10 ^aประสิทธิผลของงานสาธารณสุขมูลฐานของหมู่บ้านที่มีศูนย์สาธารณสุขมูลฐานชุมชน ในจังหวัดลำปาง ปี พ.ศ. 2536 =^bEffectiveness of primary health care program of villages with the Community Primary Health Care Center in Lampang province, B.E. 2536 /^cสุจิตรา สิกขะมณฑล
246 31 ^aEffectiveness of primary health care program of villages with the Community Primary Health Care Center in Lampang province, B.E. 2536
260    ^a^c2537
300    ^aก-ซ, 189 แผ่น ;^c30 ซม.
500    ^aSend to Single Search
502    ^aวิทยานิพนธ์ (วท.ม. (สาธารณสุขศาสตร์))--มหาวิทยาลัยมหิดล, 2537
610 24 ^aมหาวิทยาลัยมหิดล^xวิทยานิพนธ์
610 24 ^aมหาวิทยาลัยมหิดล. ^bคณะสาธารณสุขศาสตร์^xวิทยานิพนธ์
650  4 ^aศูนย์สาธารณสุขมูลฐานชุมชน^xองค์การและการบริหาร
650  4 ^aสาธารณสุขมูลฐาน^zลำปาง
650  4 ^aสาธารณสุขมูลฐาน
650  4 ^aสาธารณสุข, การบริหาร
691    ^aวท.ม. (2537)
692    ^aพยาบาลสาธารณสุข (มหาวิทยาลัยมหิดล 2537)
710 2  ^aมหาวิทยาลัยมหิดล
710 2  ^aมหาวิทยาลัยมหิดล. ^bคณะสาธารณสุขศาสตร์
710 22 ^aมหาวิทยาลัยมหิดล.^tวิทยานิพนธ์
710 22 ^aMahidol University.^tThesis
945    ^p0^l0^i023434
999    ^aกมลทิพย์ ธนสารสุธี
รายการนี้ยังไม่มีแท็ก
คุณยังไม่ได้ล็อกอิน คุณสามารถมีกิจกรรมร่วมกับเว็บไซต์ได้ แต่ต้องล็อกอินก่อน ::
  ล็อกอิน

รายการสื่อสารสนเทศ

ลำดับที่ ประเภท เลขเรียก/บาร์โค้ด สถานที่ สถานะ
1. วิทยานิพนธ์
วิทยานิพนธ์
วพ.W84.6ส748ป  
  Barcode: 023434
ห้องสมุดวิทยาเขตสวรรค์ประชารักษ์
► วิทยานิพนธ์
บนชั้น

รายการใกล้เคียง
    หัวเรื่อง [สาธารณสุขมูลฐาน]
    หัวเรื่อง [สาธารณสุข, การบริหาร]

BibComment


ยังไม่เคยถูกคอมเมนท์

คอมเมนท์ทรัพยากรรายการนี้
  คอมเมนท์: ประสิทธิผลของงาน..


 Copyright 2026. Bcnsprnw @Library